Biogas technology : (Record no. 480114)
[ view plain ]
| 000 -LEADER | |
|---|---|
| fixed length control field | 01320cam a2200385 a 4500 |
| 001 - CONTROL NUMBER | |
| control field | 17316382 |
| 003 - CONTROL NUMBER IDENTIFIER | |
| control field | ASAB |
| 005 - DATE AND TIME OF LATEST TRANSACTION | |
| control field | 20180827062637.0 |
| 007 - PHYSICAL DESCRIPTION FIXED FIELD--GENERAL INFORMATION | |
| fixed length control field | ta |
| 008 - FIXED-LENGTH DATA ELEMENTS--GENERAL INFORMATION | |
| fixed length control field | 110819s2011 ii a b 001 0 eng d |
| 020 ## - INTERNATIONAL STANDARD BOOK NUMBER | |
| International Standard Book Number | 978-81-7993-440-3 |
| 020 ## - INTERNATIONAL STANDARD BOOK NUMBER | |
| International Standard Book Number | 8179934047 |
| 025 ## - OVERSEAS ACQUISITION NUMBER | |
| Overseas acquisition number | I-E-2012-354167; 50-92 |
| 035 ## - SYSTEM CONTROL NUMBER | |
| System control number | (OCoLC)ocn754988875 |
| 035 ## - SYSTEM CONTROL NUMBER | |
| System control number | (OCoLC)754988875 |
| 037 ## - SOURCE OF ACQUISITION | |
| Stock number | Library of Congress -- New Delhi Overseas Office |
| 040 ## - CATALOGING SOURCE | |
| Original cataloging agency | DKAGE |
| Language of cataloging | eng |
| Transcribing agency | ASAB |
| Modifying agency | YDXCP |
| -- | DLC |
| 042 ## - AUTHENTICATION CODE | |
| Authentication code | lccopycat |
| -- | lcode |
| 043 ## - GEOGRAPHIC AREA CODE | |
| Geographic area code | a-ii--- |
| 050 00 - LIBRARY OF CONGRESS CALL NUMBER | |
| Classification number | TP359.B48 |
| Item number | K58 2011 |
| 082 04 - DEWEY DECIMAL CLASSIFICATION NUMBER | |
| Classification number | 665.7760954 |
| Edition number | 23 |
| 100 1# - MAIN ENTRY--PERSONAL NAME | |
| Personal name | Khoiyangbam, R. S. |
| 9 (RLIN) | 1879 |
| 245 10 - TITLE STATEMENT | |
| Title | Biogas technology : |
| Remainder of title | towards sustainable development / |
| Statement of responsibility, etc. | R.S. Khoiyangbam, Navindu Gupta, Sushil Kumar. |
| 260 ## - PUBLICATION, DISTRIBUTION, ETC. | |
| Place of publication, distribution, etc. | New Delhi : |
| Name of publisher, distributor, etc. | The Energy and Resources Institute, |
| Date of publication, distribution, etc. | c2011. |
| 300 ## - PHYSICAL DESCRIPTION | |
| Extent | xvi, 200 p. : |
| Other physical details | ill. ; |
| Dimensions | 25 cm. |
| 504 ## - BIBLIOGRAPHY, ETC. NOTE | |
| Bibliography, etc. note | Includes bibliographical references (p. [181]-182) and indexes. |
| 650 #0 - SUBJECT ADDED ENTRY--TOPICAL TERM | |
| Topical term or geographic name entry element | Biogas |
| Geographic subdivision | India. |
| 9 (RLIN) | 1880 |
| 650 #0 - SUBJECT ADDED ENTRY--TOPICAL TERM | |
| Topical term or geographic name entry element | Sustainable development |
| Geographic subdivision | India. |
| 9 (RLIN) | 1881 |
| 700 1# - ADDED ENTRY--PERSONAL NAME | |
| Personal name | Gupta, Navindu, |
| Dates associated with a name | 1962- |
| 9 (RLIN) | 1882 |
| 700 1# - ADDED ENTRY--PERSONAL NAME | |
| Personal name | Kumar, Sushil. |
| 9 (RLIN) | 1883 |
| 710 2# - ADDED ENTRY--CORPORATE NAME | |
| Corporate name or jurisdiction name as entry element | Energy and Resources Institute. |
| 9 (RLIN) | 1884 |
| 906 ## - LOCAL DATA ELEMENT F, LDF (RLIN) | |
| a | 7 |
| b | cbc |
| c | copycat |
| d | 3 |
| e | ncip |
| f | 20 |
| g | y-gencatlg |
| 942 ## - ADDED ENTRY ELEMENTS (KOHA) | |
| Source of classification or shelving scheme | |
| Koha item type | Book |
| Withdrawn status | Lost status | Source of classification or shelving scheme | Damaged status | Not for loan | Collection code | Permanent Location | Current Location | Date acquired | Total Checkouts | Full call number | Barcode | Date last seen | Price effective from | Koha item type |
|---|---|---|---|---|---|---|---|---|---|---|---|---|---|---|
| Atta-ur-Rahman School of Applied Biosciences (ASAB) | Atta-ur-Rahman School of Applied Biosciences (ASAB) | 06/14/2016 | 665.7 KHO | ASAB3338 | 06/14/2016 | 06/14/2016 | Book |
